Kodex etiky pojišťovnictví ČAP

Hodnotenie roku 1994 v českých poisťovniach. Práca Českej asociácie poisťovní (ČAP) na formulovaní etických noriem v poisťovníctve. Konštatovanie potreby zlepšiť v záujme posilnenia kreditu poisťovníctva v ČR korektnosť obchodných praktík. Úplné znenie textu Kódex etiky v poisťovníctve. Text bol sch...

Descrizione completa

Salvato in:
Dettagli Bibliografici
Autore principale: Kábrt, J.
Natura: Capitolo di libro
Lingua:ceco
Soggetti:
Tags: Aggiungi Tag
Nessun Tag, puoi essere il primo ad aggiungerne!!

MARC

LEADER 00000naa a2200000 4500
001 r018009
005 20221208131317.3
041 0 |a cze 
044 |a CZ 
245 1 0 |a Kodex etiky pojišťovnictví ČAP  |c J. Kábrt 
520 |a Hodnotenie roku 1994 v českých poisťovniach. Práca Českej asociácie poisťovní (ČAP) na formulovaní etických noriem v poisťovníctve. Konštatovanie potreby zlepšiť v záujme posilnenia kreditu poisťovníctva v ČR korektnosť obchodných praktík. Úplné znenie textu Kódex etiky v poisťovníctve. Text bol schválený zhromaždením členov ČAP konanom v Prahe dňa 20.2.1995. 
610 2 0 |a kódexy 
610 2 0 |a etika 
610 2 0 |a poisťovníctvo 
610 2 0 |a Česko 
610 2 0 |a Česká asociace pojišťoven Praha 
610 2 0 |a poisťovne 
610 2 0 |a združenia 
610 2 0 |a poisťovatelia 
610 2 0 |a zamestnanci 
100 1 |a Kábrt, J.